Kinh tế học đại cương

Sách trình bày những vấn đề cơ bản một cách có hệ thống, nêu lên một số lý thuyết chung về kinh tế học, trong đó đề cập nhiều đến vai trò của chính phủ cũng như các công cụ , chủ yếu là các chính sách điều khiển nền kinh tế thị trưo...

Full description

Saved in:
Bibliographic Details
Main Author: Nguyễn, Văn Luân
Format: Book
Language:Undetermined
Published: Hà Nội Thống Kê 1998
Subjects:
Tags: Add Tag
No Tags, Be the first to tag this record!
Institutions: Trung tâm Học liệu Trường Đại học Cần Thơ
LEADER 00963nam a2200193Ia 4500
001 CTU_25335
008 210402s9999 xx 000 0 und d
082 |a 330 
082 |b L502 
100 |a Nguyễn, Văn Luân 
245 0 |a Kinh tế học đại cương 
245 0 |c Nguyễn Văn Luân, Nguyễn Chí Hải, Nguyễn Tiến Dũng 
260 |a Hà Nội 
260 |b Thống Kê 
260 |c 1998 
520 |a Sách trình bày những vấn đề cơ bản một cách có hệ thống, nêu lên một số lý thuyết chung về kinh tế học, trong đó đề cập nhiều đến vai trò của chính phủ cũng như các công cụ , chủ yếu là các chính sách điều khiển nền kinh tế thị trường 
650 |a Economics,Kinh tế học 
904 |i Trọng Hiếu 
980 |a Trung tâm Học liệu Trường Đại học Cần Thơ